书目信息 |
| 题名: |
洋话连篇在路上
|
|
| 作者: | ;东方友人 著 | |
| 分册: | ||
| 出版信息: | 北京 世界图书出版公司北京公司 2003.02 |
|
| 页数: | 152页 | |
| 开本: | 18cm | |
| 丛书名: | 洋话连篇全民英语总动员系列 | |
| 单 册: | ||
| 中图分类: | H319.9 | |
| 科图分类: | ||
| 主题词: | 英语--ying yu--口语 | |
| 电子资源: | ||
| ISBN: | 7-5062-5727-0 | |
| 000 | 00995nam 2200253 450 | |
| 001 | 012007912795 | |
| 005 | 20070924094342.45 | |
| 010 | @a7-5062-5727-0@dCNY12.00 | |
| 100 | @a20070816d2003 km y0chiy0120 ea | |
| 101 | 0 | @achi@aeng |
| 102 | @aCN@b110000 | |
| 105 | @ay z 000yy | |
| 200 | 1 | @a洋话连篇在路上@Ayang hua lian pian zai lu shang@d= Modern English on the move@f东方友人著@Fdong fang you ren zhu@zeng |
| 210 | @a北京@c世界图书出版公司北京公司@d2003.02 | |
| 215 | @a152页@d18cm | |
| 225 | 2 | @a洋话连篇全民英语总动员系列@Ayang hua lian pian quan min ying yu zong dong yuan xi lie |
| 330 | @a本书为您使用公共汽车、出租车、自行车、飞机、火车、地铁和私家车等各种交通工具提供了最现代最地道的美式实用口语,还有相关风俗文化习惯咨讯。 | |
| 410 | 0 | @12001 @a洋话连篇全民英语总动员系列 |
| 510 | 1 | @aModern English on the move@zeng |
| 606 | 0 | @a英语@Aying yu@x口语 |
| 690 | @aH319.9@v4 | |
| 712 | 02 | @a东方友人@Adong fang you ren@4著 |
| 801 | 0 | @aCN@c20070924 |
| 905 | @dH319.9@eD664 | |
| 洋话连篇在路上= Modern English on the move/东方友人著.-北京:世界图书出版公司北京公司,2003.02 |
| 152页;18cm.-(洋话连篇全民英语总动员系列) |
| ISBN 7-5062-5727-0:CNY12.00 |
| 本书为您使用公共汽车、出租车、自行车、飞机、火车、地铁和私家车等各种交通工具提供了最现代最地道的美式实用口语,还有相关风俗文化习惯咨讯。 |
| ● |
| 相关链接 |
|
|
|
正题名:洋话连篇在路上
索取号:H319.9/D664
 
预约/预借
| 序号 | 登录号 | 条形码 | 馆藏地/架位号 | 状态 | 备注 |
| 1 | 259191 | 202591917 | 语言库209/209语言库 29排1列4层/ [索取号:H319.9/D664] | 在馆 | |
| 2 | 259192 | 202591926 | 语言库209/209语言库 29排1列4层/ [索取号:H319.9/D664] | 在馆 | |
| 3 | 259193 | 202591935 | 语言库209/209语言库 29排1列4层/ [索取号:H319.9/D664] | 在馆 |